Statistics for management and economics

Saved in:
Bibliographic Details
Main Authors: Keller, Gerald (Author), Warrack, Brian (Author)
Format: Book
Language:English
Published: Belmont International Thomson 1997
Edition:4a. ed
Subjects:
Tags: Add Tag
No Tags, Be the first to tag this record!

MARC

LEADER 00000nam a2200000 a 4500
001 UCM9417
003 CL-VaPUC
008 030425e19970000us |||||||||||||||||eng|d
082 0 4 |a 330.015195  |b KEL  |2 21 
100 0 |a Keller, Gerald  |e author  |9 475935 
700 0 |a Warrack, Brian  |e author  |9 475936 
245 1 0 |a Statistics for management and economics 
250 |a 4a. ed 
300 |a 1073 p 
942 |c BK 
945 |d 20030425 00:00:00  |a vberengu 
260 |a Belmont  |b International Thomson  |c 1997 
500 |a Incluye 2 disquettes 
650 0 |a Economía   |9 255568 
650 0 |a Métodos estadísticos   |9 259407 
650 0 |a Econometría   |9 261029 
650 0 |a Estadística matemática  |9 260028 
650 0 |a Administración de empresas   |9 260833 
583 |a last modification  |c 20170426 04:01:54  |k Rodrigo Vera 
999 |c 303686  |d 303684 
952 |0 0  |1 0  |4 0  |6 330_015195000000000_KEL_1997  |7 0  |8 A  |9 365171  |a BIBGIM  |b BIBGIM  |d 2019-11-21  |i 3862887  |o 330.015195 KEL 1997  |p 3862887  |r 2025-01-15  |w 2019-11-21  |y BK  |k EST